000 00363 a2200157 4500
001 180816
020 _a
040 _cMagnum
100 _aToth, Veremundo
240 1 0 _aEnviados para o mundo 3 serie do 2 grau
_lpor
245 1 0 _aEnviados para o mundo 3 serie do 2 grau
362 0 _a1899
440 1 _aLoyola
697 _aMAGNITO: RELIGIAO
942 _cBK
999 _c180816
_d180816